| 000 | 00490nam a2200145 4500 | ||
|---|---|---|---|
| 082 | _aMS-CCS-4 NAD | ||
| 100 |
_aNadia Razzaq _9104406 |
||
| 245 | _aSecurity Policy Enforcement in online Social Networks | ||
| 260 |
_aIslamabad _bNust School of Elecrical Engineering and Computer Science _c2013 |
||
| 300 |
_a75 P _eCD-ROM |
||
| 500 | _aSupervisor; Dr.Zahid Anwar | ||
| 700 |
_aNadia Razzaq _9104406 |
||
| 856 | _uhttp://10.250.8.41:8080/xmlui/handle/123456789/31775 | ||
| 942 |
_cPR _2ddc |
||
| 999 |
_c12245 _d12245 |
||